Primeros pasos hacia la interpretación Inglés-Español
Gespeichert in:
| 1. Verfasser: | |
|---|---|
| Format: | Buch |
| Sprache: | Spanisch Englisch |
| Veröffentlicht: |
Madrid, España.
Universitat Jaume I,
2012
|
| Ausgabe: | 1a. ed |
| Schriftenreihe: | Aprender a Traducir, 4
|
| Schlagworte: | |
| Online-Zugang: | Disponible Online - Cap. 1 y 9 al 12 |
| Tags: |
Tag hinzufügen
Keine Tags, Fügen Sie den ersten Tag hinzu!
|
MARC
| LEADER | 00000cam a2200000 a 4500 | ||
|---|---|---|---|
| 001 | UCE2931 | ||
| 003 | CL-VaPUC | ||
| 005 | 20231128114027.0 | ||
| 008 | 140807e20120000sp |||||||||||||||||spa|d | ||
| 999 | |c 356446 |d 356444 | ||
| 020 | |a 9788480218337 | ||
| 040 | |c Pontificia Universidad Católica de Valparaíso | ||
| 041 | 0 | 7 | |a spa |2 CL-VaPUC |
| 041 | 0 | 7 | |a eng |2 CL-VaPUC |
| 082 | 0 | 4 | |a 418.02 JIM 2012 |2 21 |
| 100 | 0 | |a Jiménez Ivars, María Amparo |e author |9 575453 | |
| 245 | 1 | 0 | |a Primeros pasos hacia la interpretación Inglés-Español |
| 250 | |a 1a. ed | ||
| 260 | |a Madrid, España. |b Universitat Jaume I, |c 2012 | ||
| 300 | |a volúmenes | ||
| 490 | 0 | |a Aprender a Traducir, 4 | |
| 500 | |a v.2: guía didáctica | ||
| 500 | |a Incluye DVD | ||
| 583 | |a last modification |c 20140807 14:45:00 |k Rodrigo Vera | ||
| 650 | 0 | |a Traducción e interpretación |9 315998 | |
| 650 | 0 | |a Traducción Inglés-Español |2 CL-VaPUC |9 566849 |x Traductores | |
| 650 | 0 | |a Análisis del discurso |9 256696 | |
| 856 | |u http://bibliografiadigital.pucv.cl.pucv.idm.oclc.org/index.php/bibliotecapucv/catalog/book/796 |y Disponible Online - Cap. 1 y 9 al 12 | ||
| 942 | |c BK |2 ddc | ||
| 945 | |d 20140807 14:45:00 |a dcastane | ||
| 952 | |0 0 |1 0 |3 erb |4 0 |6 418_020000000000000_JIM_2012 |7 0 |8 A |9 463788 |a BIBEDU |b BIBEDU |h v.1 |i 5092655 |l 1 |m 2 |o 418.02 JIM 2012 |p 5092655 |r 2024-10-22 |s 2024-10-03 |w 2019-11-23 |y BK |z Catalogado en:20140807 |k CIT | ||
| 952 | |0 0 |1 0 |3 erb |4 0 |6 418_020000000000000_JIM_2012 |7 0 |8 A |9 463789 |a BIBEDU |b BIBEDU |h v.2 |i 5092647 |o 418.02 JIM 2012 |p 5092647 |r 2019-11-23 |w 2019-11-23 |y BK |z Catalogado en:20140807 |k CIT | ||